[Event "Ambalangoda Dhamso op 11th"]
[Site "Ambalangoda"]
[Date "2024.05.19"]
[Round "6"]
[White "Gunaratne, Chivath Dathesha"]
[Black "Senarathne, AAHMB"]
[Result "1-0"]
[WhiteElo "1580"]
[BlackElo "1728"]
[PlyCount "108"]
[EventDate "2024.05.17"]
[EventType "swiss"]
[EventRounds "10"]
[EventCountry "SRI"]
[SourceTitle "CBM 220 Extra"]
[Source "ChessBase"]
[SourceDate "2024.07.31"]
[SourceVersion "1"]
[SourceVersionDate "2024.07.31"]
[SourceQuality "1"]

1. e4 e5 2. Nf3 Nc6 3. Bb5 Bc5 4. c3 Nf6 5. d4 Bb6 6. 0-0 0-0 7. Re1 d6 8. h3 h6 9. Na3 Bd7 10. d5 Ne7 11. Bxd7 Qxd7 12. Nc4 Nh7 13. Nxb6 axb6 14. g4 f5 15. gxf5 Nxf5 16. exf5 Qxf5 17. Nh2 Rf6 18. Kh1 Qxh3 19. Be3 Qd7 20. b3 Raf8 21. Rg1 Qf7 22. c4 Kh8 23. Qg4 g5 24. Qh3 Qg6 25. Rg2 b5 26. Ng4 Rf3 27. Qxh6 Qxh6+ 28. Nxh6 bxc4 29. bxc4 b6 30. Rh2 Kg7 31. Rg1 Kg6 32. Ng4 R3f7 33. Rg3 Rf3 34. Rxf3 Rxf3 35. Kg2 Rf7 36. f3 Kg7 37. Nf2 Rf8 38. Ne4 Kg6 39. Kg3 Ra8 40. Kg4 Ra4 41. Rc2 b5 42. Bxg5 bxc4 43. Bd8 Ra5 44. Bxc7 Rxd5 45. Bxd6 Nf6+ 46. Nxf6 Kxf6 47. Bc7 Rc5 48. Bd8+ Ke6 49. a4 Rd5 50. Bb6 Rd6 51. a5 Rc6 52. Rc3 Kd5 53. Kg5 Rc8 54. a6 Rg8+ 1-0